00333nam a2200109Ia 4500008004100000082002000041100001200061245002700073260004000100630001800140650006500158211109s9999||||xx |||||||||||||| ||und|| a894.8123bSRI-A aSrini,  0aAtmabali By Raghavan V bNational Book StallaKottayamc1968 xGeneral Stack aMalayalam literaturevMalayalam FictionLiteraturexGeneralia